000 00602nam a2200181Ia 4500
003 OSt
005 20260425133951.0
008 240806s9999||||xx |||||||||||||| ||und||
040 _aKenya National Library Service
082 _a828.99676202 ODA
100 _aOdaga, Bole Asenath
245 0 _aSimbi Nyaima :
_ba play by/
_cAsenath Bole Odaga.
300 _a30 pages ;
_c22 cm
650 _aEnglish literature-a play
942 _cBK
_2ddc
_h828.99676202 ODA
999 _c207294
_d207294